00968nam a2200241 a 4500008004100000020001500041050001300056100002000069245006000089260005300149300002300202350000900225500005100234650005800285650004000343650003500383650004800418700002000466700001500486995008700501999001700588952012100605120416s1982 ||||||||||||||||| || u a0884108864 aT 23 Bot aDimancescu, Dan10aGlobal stakes: the future of high technology in America aCambridge, Mass.:bBallinger Publishing Coc1982 a[vi], 237p. : ill. a0.00 aIncludes bibliographical references and index. aTECHNICAL EDUCATION--GOVERNMENT POLICY--UNITED STATES aTECHNOLOGY AND STATE--UNITED STATES aHIGH TECHNOLOGY--UNITED STATES aUNITED STATES - ECONOMIC POLICY - 1981-1993 aBotkin, James W aStata, Ray D0.00FCBU-MAIN LIBRARY (Kitwe)H1I0.00M1UAVAILABLEZAnnex Low-Usage Collection  c44708d44708 00102lcc4070a001b001cAnnex Low-Usage Collection d2022-11-30l0oT 23 Botp014278r2022-11-30w2022-11-30y002